00555nam a22001457a 4500003000400000005001700004008004100021040001400062100003200076245010400108260001000212300003000222500013000252504002700382OSt20171010095535.0121008t xxu||||| |||| 00| 0 eng d aMMSUcULS aDamo, Jovertson A., et al.  aPerformance evaluation of PIC microcontroller through power management cJovertson A. Damo, et al.  c2008  ax, [145] leaves c28 cm.  aThesis (BS BS Electronics & Communications Engineering) -- Mariano Marcos State University-College of Engineering, Batac City aBibliography: leaf 29